| 000 | 00637nam a22002057a 4500 | ||
|---|---|---|---|
| 003 | OSt | ||
| 005 | 20140310181732.0 | ||
| 008 | 130316t xxu||||| |||| 00| 0 eng d | ||
| 020 | _a9710626442 | ||
| 050 |
_aQH 308.2 _b.R175 2006 |
||
| 082 |
_aFIL 574.02 _bR14m 2006 |
||
| 100 | _aRamos, John Donnie A. | ||
| 245 |
_aBiology laboratory manual : _bexploring life through Science / _cJohn Donnie A. Ramos, Anna Cherylle Morales-Ramos |
||
| 260 |
_aQuezon City, Philippines : _bPhoenix Publishing House, Inc., _c2006. |
||
| 300 |
_axv, 225 p. : _bill. ; _c28 cm. |
||
| 562 | _e2 | ||
| 942 |
_2lcc _cBK |
||
| 999 |
_c2429 _d2429 |
||